Informacions aparegudes a la premsa sobre el viatge (del 25 de gener al 2 de febrer de 1981) i temes relacionats, de l'ex-president de la Generalitat molt Honorable Senyor Josep Tarradellas : gener - febrer 1981 gener - febrer 1981
Publicado:
Barcelona :
Diputació de Barcelona. Servei de Premsa. Oficina de Premsa, Informació i Edicions ,
1981
Descripción Física:
[265] p. ; 30 cm
Colección:
Tarradelles ; 4
MARC
| LEADER | 00000nam a2200000Ia 4500 | ||
|---|---|---|---|
| 001 | 23047 | ||
| 008 | 160829s1981 xx 000 0 cat d | ||
| 080 | |a O-1-171 | ||
| 245 | |a Informacions aparegudes a la premsa sobre el viatge (del 25 de gener al 2 de febrer de 1981) i temes relacionats, de l'ex-president de la Generalitat molt Honorable Senyor Josep Tarradellas : |b gener - febrer 1981 | ||
| 260 | |a Barcelona : |b Diputació de Barcelona. Servei de Premsa. Oficina de Premsa, Informació i Edicions, |c 1981 | ||
| 300 | |a [265] p. ; |c 30 cm | ||
| 490 | |a Tarradelles ; 4 | ||
| 590 | |a Prové de Q-518, exp. 27 | ||
| 650 | |a Tarradellas, Josep |x Reculls de premsa |x 1981 |9 47201 | ||
| 710 | 1 | |a Barcelona (Catalunya : Província). |b Oficina de Premsa, Informació i Edicions |9 54969 | |
| 901 | |a Arxiu | ||
| 942 | |n 1 | ||
| 952 | |0 0 |1 0 |4 0 |6 O1171 |7 1 |9 53745 |a Arxiu |b Arxiu |d 2016-12-01 |l 0 |o O-1-171 |p 23047 |r 2016-12-01 00:00:00 |w 2016-12-01 |y ARXIU | ||
| 999 | |c 57611 |d 57611 | ||